000 00811nam a22002297a 4500
999 _c10742
_d10742
003 AR-CdUCM
008 190401b ||||| |||| 00| 0 spa d
040 _aMUNICIPALIDAD PROVINCIAL DEL CUSCO
_cBIBLIOTECA MUNICIPAL DEL CUSCO
041 _hger
082 _a616.8917 /
_bF83 /1934
100 _aFreud, Sigmund,
_923111
245 _aPsicología de las masas y análisis del yo /
260 _aMadrid :
_bBiblioteca nueva,
_c1934
300 _a571 paginas ;
_c22 cm.
505 _aContenido : Psicología de las masas y análisis del yo -- Metapsicologia -- El yo y el ello
650 _aPsicoanalisis social
_927746
650 _aMetapsicologia
_927747
650 _aAnálisis del yo
_927748
700 _aLopez Ballesteros y de Torres Luis ( Traductor)
_927749
942 _2ddc
_cLIBROS
945 _awnts